[Event "Club Championships A Grade"]
[Site "Wellington Chess Club"]
[Date "2020.10.01"]
[Round "1.3"]
[White "Dive, Russell"]
[Black "Tanoi, Edward"]
[Result "1-0"]
[WhiteElo "2414"]
[BlackElo "1947"]

1. Nf3 Nf6 2. c4 g6 3. g3 c5 4. Bg2 Bg7 5. O-O O-O 6. Nc3 Nc6 7. d4 cxd4 8.
Nxd4 e5 9. Ndb5 Ne8 10. Be3 a6 11. Nd5 {A surprise. Taking on b5 is going to
lead to  extended pressure that would disrupt my ability to coordinate my
pieces but I don't  have much choice. I wondered if Russell was trying to trap
my Queen. Afterwards  he said he had and forgot that the Bishop was no longer
covering g5! I thought even  if the Knight landed on b6 it would still be
difficult for me.} 11... axb5 12. Bb6 Qg5 13. cxb5 Nd4 14. e3 Ne6 15. f4 exf4
16. exf4 Qh6 {A complex position. Black is all  tied up but has the extra piece
and White has weakened his kingside. However if  Black can unravel and
coordinate, his extra piece could be significant.} 17. Rc1 Nf6 18. Ne7+ Kh8 19.
a4 Re8 (19... d5 20. b3 (20. Nxd5 Nxd5 21. Bxd5 Bxb2 22. Rc4 Bf6) ) 20. Nxc8
Raxc8 21. Rxc8 Rxc8 22. a5 d5 23. Bxd5 Nxd5 24. Qxd5 Qh3 $1 {I  can finally
reactivate the Queen. The move creates multiple threats on the first  and
second ranks. Understandably, Russell has his longest think here.} 25. Qxb7 $2
{Another surprise. The computer doesn't like it at all but for different
reasons.}  (25. Bf2 {was what I expected} ) 25... Rc2 $2 {sadly, the move both
Russell and I expected  to play turns out to be the wrong one and Stockfish
assesses the position as equal  again.}  ( {Instead, had I seen the not obvious
to me} 25... Bd4+ $1 {then the position  quickly clarifies} 26. Bxd4+ Nxd4 {and
the Rook is immune on c8. Now the Knight  occupies a wonderful central position
while Black keeps alive the threat of Rook  to c2.} 27. Qe4 (27. Qg2 Qe6 28.
Qd2 Qe4 29. Qg2 Qd3 30. h4 Qxb5 {the queenside  pawns look too vulnerable to
survive much longer while the white king requires constant  protection. Black
is winning.} ) 27... Rc2 28. Qxd4+ Kg8 {and after a few more checks  the King
will find a haven on h6.} ) 26. Qa8+ Bf8 27. Bf2 Kg7 28. b6 Bc5 29. Qg2 Qxg2+
30. Kxg2 Rxb2 {this was the position I'd seen after the pawn capture on b7.
Had I avoided the queen exchange I might have been better placed to exert more
pressure  on the White's position.} 31. Kg1 Nd4 32. Kh1 Nf3 $1 {(Sadly my
scoresheet misses  a few crucial moves and I'm unable to provide further
commentary. The rest of the  moves are vague and probably incorrect.)} 33. b7
Ba7 34. a6 {This is now corrected - incorrect variation in brackets (Ian) }  (
34. Kg2 Nd4 35. a6 Ra2 36. Kh3 Rd2 37. Be3 Rd3 38. Bg1 Bb8 39. Ra1 Ba7 40. Ra4)
34... Ra2 35. Kg2 Nd4 36. Kh3 Rd2 37. Be3 Rd3 38. Bg1 Bb8 39. Ra1 Ba7 40. Ra4
1-0

[Event "Club Championships A Grade"]
[Site "Wellington Chess Club"]
[Date "2020.10.01"]
[Round "1.4"]
[White "Rossiter, Philip"]
[Black "Russell, Athula"]
[Result "0-1"]
[WhiteElo "1885"]
[BlackElo "2250"]

1. c4 c6 2. Nf3 d5 3. d4 Nf6 4. Nc3 dxc4 5. a4 Bf5 6. Nh4 e6 7. Nxf5 exf5 8. e3
Bd6 9. Bxc4 O-O 10. h3 Qe7 11. O-O Nbd7 12. Bd2 Ne4 13. Nxe4 fxe4 14. Bc3 Kh8
15. a5 f5 16. Qe2 Rae8 17. b4 Rf6 18. b5 f4 19. exf4 Rxf4 20. bxc6 bxc6 21.
Rab1 Ref8 22. Rb7 Rf3 23. Bb4 Bxb4 24. gxf3 Qg5+ 0-1

[Event "Club Championships A Grade"]
[Site "Wellington Chess Club"]
[Date "2020.10.01"]
[Round "1.5"]
[White "Cilia Vincenti, David"]
[Black "He, Paul"]
[Result "1-0"]
[WhiteElo "2264"]
[BlackElo "1911"]

1. d4 Nf6 2. c4 g6 3. Nc3 d5 4. Nf3 Bg7 5. Bf4 O-O 6. Rc1 c5 7. dxc5 Na6 8.
cxd5 Nxc5 9. e3 Bf5 10. Be2 Qb6 11. O-O Rfd8 12. Ne5 Ne6 13. Bg3 Rac8 14. Nxf7
Kxf7 15. dxe6+ Bxe6 16. Qc2 Bxa2 17. Qa4 Bb3 18. Qf4 Kg8 19. e4 Bc4 20. Bxc4+
Rxc4 21. Rfd1 Rdc8 22. Qd2 Qc6 23. f3 b5 24. e5 Nh5 25. Nd5 Kf7 26. Rxc4 bxc4
27. e6+ Kf8 28. Bh4 Qc5+ 29. Kh1 Nf6 30. Bxf6 Bxf6 31. Qh6+ Bg7 32. Qxh7 Rd8
33. Qxg6 Kg8 34. Qf7+ Kh8 35. Qh5+ Kg8 36. Nf6+ 1-0

[Event "Club Championships A Grade"]
[Site "Wellington Chess Club"]
[Date "2020.10.01"]
[Round "1.6"]
[White "Ross, Matt"]
[Black "Pomeroy, Arthur"]
[Result "0-1"]
[WhiteElo "1889"]
[BlackElo "2021"]

1. e4 c5 2. Nc3 d6 3. f4 g6 4. Nf3 Bg7 5. Bb5+ Bd7 6. O-O Nc6 7. Bxc6 bxc6 8.
d4 cxd4 9. Nxd4 Qb6 10. Be3 Qxb2 11. Qd3 Qa3 12. Rab1 Nf6 13. Rb7 Ng4 14. Rfb1
Rd8 15. R1b3 Qc5 16. Nf5 Nxe3 17. Nxe3 O-O 18. Kh1 Be6 19. Na4 Qa5 20. Ra3 Qe1+
21. Nf1 Rb8 22. Rbb3 Bg4 23. Nc3 Bxc3 24. Qf3 Bxf3 25. gxf3 Qxf1# 0-1

[Event "Club Championships A Grade"]
[Site "Wellington Chess Club"]
[Date "2020.10.08"]
[Round "2.1"]
[White "Russell, Athula"]
[Black "Croad, Nicolas"]
[Result "1/2-1/2"]
[WhiteElo "2250"]
[BlackElo "2440"]

1. d4 Nf6 2. Nf3 e6 3. e3 b6 4. Bd3 Bb7 5. O-O c5 6. Nbd2 Be7 7. b3 cxd4 8.
Nxd4 O-O 9. Bb2 d6 10. c4 Nbd7 11. Rc1 Rc8 12. Qe2 Qc7 13. e4 Rfe8 14. N4f3 Qb8
15. e5 dxe5 16. Nxe5 Nxe5 17. Bxe5 Qa8 18. f3 Rcd8 19. Rcd1 Qc8 20. Ne4 Nxe4
21. Bxe4 Bxe4 22. Qxe4 Bc5+ 23. Kh1 Rxd1 24. Rxd1 Rd8 25. Rxd8+ Qxd8 26. Qe2
Qg5 27. Bb2 Qf5 28. Qe4 Qxe4 29. fxe4 f5 30. exf5 exf5 31. g3 Kf7 32. h4 g5 33.
hxg5 Kg6 34. Bc1 Kh5 35. Kg2 Kg4 36. Bf4 Be7 37. Bb8 a6 38. Bc7 Bc5 39. b4 Bxb4
40. Bxb6 Kxg5 41. Kf3 Kf6 42. Bc7 Ke6 43. Bb8 a5 44. a4 Bd6 45. Ba7 Bc7 46. Bf2
Kd6 47. Kf4 Ke6+ 48. Kf3 Kd7 49. Be3 Kc6 50. Bf2 Bb6 51. Be1 Kc5 52. Bxa5
1/2-1/2

[Event "Club Championships A Grade"]
[Site "Wellington Chess Club"]
[Date "2020.10.08"]
[Round "2.2"]
[White "Ker, Anthony"]
[Black "Pomeroy, Arthur"]
[Result "1-0"]
[WhiteElo "2437"]
[BlackElo "2021"]

1. e4 c5 2. Nc3 d6 3. f4 g6 4. Nf3 Bg7 5. Bb5+ Bd7 6. Bc4 Nc6 7. O-O Nd4 8. d3
e6 9. Nxd4 cxd4 10. Ne2 Ne7 11. Qe1 Nc6 12. Bd2 O-O 13. Qf2 f5 14. exf5 Rxf5
15. Rae1 d5 16. Bb3 Kh8 17. Kh1 a5 18. a4 Qb6 19. Ng1 e5 20. g4 Rff8 21. Qh4
Be6 (21... e4 $1 22. dxe4 dxe4 23. Rxe4 Ne5 $1 24. Rfe1 Nd3 25. cxd3 Qxb3 26.
Qg3 Bxa4 27. Nf3 Bc6 28. R4e2 Qxd3) 22. Nf3 Qd8 23. Qh3 e4 24. dxe4 h5 25. f5
1-0

[Event "Club Championships A Grade"]
[Site "Wellington Chess Club"]
[Date "2020.10.08"]
[Round "2.4"]
[White "Wojnar, Jacek"]
[Black "Sellen, Ian"]
[Result "0-1"]
[WhiteElo "2052"]
[BlackElo "2046"]

1. e4 e5 2. Nf3 d6 3. d4 exd4 4. Qxd4 Nc6 5. Bb5 Bd7 6. Bxc6 Bxc6 7. Nc3 Nf6 8.
Bf4 Nd7 9. O-O-O Be7 10. Rhe1 O-O 11. Nd5 Nc5 12. Nxe7+ Qxe7 13. e5 Bxf3 14.
exd6 Qh4 15. gxf3 Ne6 16. Rxe6 fxe6 17. Rg1 Qxf4+ 0-1

[Event "Club Championships A Grade"]
[Site "Wellington Chess Club"]
[Date "2020.10.08"]
[Round "2.5"]
[White "Stone, Andrew"]
[Black "Rossiter, Philip"]
[Result "1-0"]
[WhiteElo "2043"]
[BlackElo "1885"]

1. e4 Nf6 2. Nc3 d5 3. e5 Ne4 4. d3 Nxc3 5. bxc3 c5 6. d4 Qc7 7. Ne2 Nc6 8. Nf4
e6 9. Bb5 Bd7 10. O-O O-O-O 11. a4 f6 12. Re1 f5 13. h4 Be7 14. g3 g5 15. hxg5
Rdg8 16. Qh5 cxd4 17. Ba3 Bxa3 18. Rxa3 Be8 19. Qh6 Kb8 20. Qxe6 Bd7 21. Qxd5
Rxg5 22. cxd4 h5 23. Qd6 h4 24. d5 Qxd6 25. exd6 Nd4 26. Bxd7 hxg3 27. fxg3
Nxc2 28. Re8+ Rxe8 29. Bxe8 Nxa3 30. d7 1-0

[Event "Club Championships A Grade"]
[Site "Wellington Chess Club"]
[Date "2020.10.08"]
[Round "2.6"]
[White "He, Paul"]
[Black "Forster, Bill"]
[Result "1-0"]
[WhiteElo "1911"]
[BlackElo "2019"]

1. c4 c5 2. g3 g6 3. Bg2 Bg7 4. Nf3 e5 5. Nc3 Ne7 6. O-O O-O 7. e3 Nbc6 8. Rb1
d5 9. cxd5 Nxd5 10. Nxe5 Nxc3 11. Nxc6 Qd3 12. dxc3 Qxb1 13. Ne7+ Kh8 14. Nxc8
Raxc8 15. Bxb7 Rb8 16. Bd5 Qf5 17. e4 Qd7 18. Qc2 Qb5 19. b3 Kg8 20. f4 Qa5 21.
Bd2 Qa3 22. f5 Rb6 23. Bg5 Bf6 24. Bh6 Re8 25. fxg6 hxg6 26. e5 Bxe5 27. Bxf7+
Kh7 28. Bc1 1-0

[Event "Club Championships A Grade"]
[Site "Wellington Chess Club"]
[Date "2020.10.08"]
[Round "2.7"]
[White "Tanoi, Edward"]
[Black "Ross, Matt"]
[Result "1-0"]
[WhiteElo "1947"]
[BlackElo "1889"]

1. e4 e5 2. Nf3 Nf6 3. Nxe5 Nc6 4. Nf3 Bc5 5. d4 Bb6 6. Bg5 h6 7. Bh4 Qe7 8.
Nc3 g5 9. Bg3 Nxe4 10. Be2 Nxg3 11. hxg3 g4 12. Nd5 Ba5+ 13. c3 Qe6 14. Nf4 Qe7
15. Nh4 d6 16. d5 Ne5 17. Qa4+ Bd7 18. Qxa5 Nc4 19. Qb4 Ne3 20. fxe3 Qxe3 21.
Qd4 Qxg3+ 22. Qf2 Qxf2+ 23. Kxf2 O-O-O 24. g3 Rde8 25. Bd3 Re5 26. Rae1 Rhe8
27. Rxe5 dxe5 28. Nfg2 e4 29. Be2 c5 30. Ne3 Kc7 31. Nhf5 Bxf5 32. Nxf5 Re5 33.
d6+ Kc6 34. Bxg4 e3+ 35. Nxe3 Kxd6 36. Nc4+ Kd5 37. Nxe5 Kxe5 38. Rxh6 f5 39.
Rh5 b5 40. Bxf5 a5 41. Bd3+ Kd6 42. Bxb5 c4 43. Ke3 a4 44. Ke4 a3 45. Rh6+ Kc5
46. Ba4 axb2 47. Rc6# 1-0

[Event "Club Championships A Grade"]
[Site "Wellington Chess Club"]
[Date "2020.10.15"]
[Round "3.1"]
[White "Dive, Russell"]
[Black "Ker, Anthony"]
[Result "0-1"]
[WhiteElo "2414"]
[BlackElo "2437"]

1. d4 Nf6 2. Nf3 e6 3. Bf4 c5 4. e3 b6 5. Bd3 Bb7 6. O-O Be7 7. Nbd2 cxd4 8.
exd4 O-O 9. Nc4 d6 10. Qe2 Qc7 11. a4 Nbd7 12. c3 Rfe8 13. h3 Bf8 14. Bh2 Rac8
15. Rfe1 Bd5 16. Nfd2 g6 17. a5 b5 18. Ne3 a6 19. Nxd5 exd5 20. Qd1 Bh6 21.
Rxe8+ Rxe8 22. Nf3 Ne4 23. Ne1 Nd2 24. Nc2 Nc4 25. Qb1 Nf6 26. Nb4 Nxa5 27. Qa2
Nc4 28. Qxa6 Nxb2 29. Bxb5 Re6 30. Qc6 Qe7 31. Rf1 Bd2 32. Bg3 Kg7 33. Kh2 h5
34. Rb1 Nc4 35. Nxd5 Nxd5 36. Qxd5 Na3 37. Rd1 Nxb5 38. Qxb5 Bxc3 39. Rd3 Be1
40. h4 Qf6 41. d5 Re4 42. Rf3 Qe7 43. Qb2+ Kg8 44. Qb8+ Kh7 45. Kg1 Bb4 46. Kh2
Bc5 47. Qb1 Bd4 48. Rxf7+ Qxf7 49. Qxe4 Bxf2 50. Bxd6 Qf6 51. Be7 Qa1 {White
resigns (?)} 0-1

[Event "Club Championships A Grade"]
[Site "Wellington Chess Club"]
[Date "2020.10.15"]
[Round "3.2"]
[White "Croad, Nicolas"]
[Black "Cilia Vincenti, David"]
[Result "0-1"]
[WhiteElo "2440"]
[BlackElo "2264"]

1. d4 f5 2. Nf3 Nf6 3. Bf4 g6 4. e3 Bg7 5. Bc4 e6 6. Nc3 d6 7. Qe2 Ne4 8. Nxe4
fxe4 9. Nd2 d5 10. Bb3 a5 11. c4 a4 12. Bc2 c5 13. Bxb8 cxd4 14. exd4 Rxb8 15.
Bxa4+ Bd7 16. Bxd7+ Qxd7 17. cxd5 exd5 18. Nb3 O-O 19. O-O b6 20. Rac1 Qa4 21.
Rc7 Bxd4 22. Qd2 Bg7 23. Qxd5+ Kh8 24. Nd2 Rbd8 25. Qxe4 Qxa2 26. Nc4 Rde8 27.
Qc6 Rd8 28. Qe6 Bf6 29. Qh3 Bg7 30. Qe6 Bf6 31. Qxb6 Bd4 32. Qe6 Rxf2 33. Rd7
Rxd7 34. Qxd7 Rxf1+ 35. Kxf1 Qxc4+ 0-1

[Event "Club Championships A Grade"]
[Site "Wellington Chess Club"]
[Date "2020.10.15"]
[Round "3.4"]
[White "Sellen, Ian"]
[Black "He, Paul"]
[Result "1/2-1/2"]
[WhiteElo "2046"]
[BlackElo "1911"]

1. c4 e5 2. Nc3 Nf6 3. Nf3 Nc6 4. g3 Bb4 5. Bg2 O-O 6. O-O d5 7. Nxd5 Nxd5 8.
cxd5 Qxd5 9. d3 Qd6 10. Be3 Be6 11. Ng5 Bd5 12. Ne4 Qd7 13. a3 Be7 14. Rc1 Nd4
15. Bxd4 exd4 16. Qc2 c6 17. Nc5 Bxc5 18. Qxc5 Bxg2 19. Kxg2 Rfe8 20. Rfe1 a6
21. Rc4 Rad8 22. Qh5 Qd5+ 23. Qxd5 1/2-1/2

[Event "Club Championships A Grade"]
[Site "Wellington Chess Club"]
[Date "2020.10.15"]
[Round "3.5"]
[White "Jackson, Ross"]
[Black "Stone, Andrew"]
[Result "1-0"]
[WhiteElo "2030"]
[BlackElo "2043"]

1. d4 Nf6 2. c4 g6 3. f3 d5 4. cxd5 Nxd5 5. e4 Nb6 6. Be3 Bg7 7. Qd2 O-O 8. Nc3
Nc6 9. O-O-O a5 10. h4 a4 11. h5 Na5 12. hxg6 fxg6 13. Bh6 Nac4 14. Bxc4+ Nxc4
15. Qd3 Nd6 16. Bxg7 Kxg7 17. Qe3 Rf7 18. Nge2 c6 19. Rxh7+ Kg8 20. Rxf7 Kxf7
21. Qf4+ Kg7 22. Qe5+ Kg8 23. Rh1 Nf7 24. Qh2 Qd6 25. e5 Qe6 26. Nf4 Qf5 27.
Qh7+ Kf8 28. Nxg6+ Ke8 29. Ne4 Kd8 30. Qg8+ Kc7 31. Rh7 1-0

[Event "Club Championships A Grade"]
[Site "Wellington Chess Club"]
[Date "2020.10.15"]
[Round "3.7"]
[White "Forster, Bill"]
[Black "Rossiter, Philip"]
[Result "1-0"]
[WhiteElo "2019"]
[BlackElo "1885"]

1. d4 Nf6 2. c4 c5 3. d5 e6 4. Nc3 exd5 5. cxd5 d6 6. e4 g6 7. Bd3 Bg7 8. h3
Na6 9. Nf3 Nc7 10. Bf4 O-O 11. O-O a6 12. a4 Rb8 13. a5 Re8 14. Nd2 Nb5 15.
Nxb5 axb5 16. Bxb5 Bd7 17. Bd3 Ra8 18. Bxd6 c4 19. Bc2 Bb5 20. Bb4 c3 21. bxc3
Bxf1 22. Qxf1 Bf8 23. Bxf8 Kxf8 24. Qb5 Qc7 25. Qb4+ Kg8 26. Qd4 Qe7 27. c4 Nd7
28. Nb3 Qg5 29. c5 Ne5 30. Qe3 Qf6 31. Bd3 Nxd3 32. Qxd3 Qf4 33. Ra4 f5 34. d6
fxe4 35. d7 Rf8 36. Qd5+ Kh8 37. Qd4+ Kg8 38. Rb4 Qc7 39. Qd5+ Kh8 40. Rxe4
Rad8 41. Qd4+ Kg8 42. Re7 Rf7 43. Qd5 Qf4 44. Re8+ Kg7 45. Rxd8 Qxf2+ 46. Kh2
Qf4+ 47. g3 1-0

[Event "Club Championships A Grade"]
[Site "Wellington Chess Club"]
[Date "2020.10.22"]
[Round "4.1"]
[White "Ker, Anthony"]
[Black "Cilia Vincenti, David"]
[Result "1-0"]
[WhiteElo "2437"]
[BlackElo "2264"]

1. e4 e5 2. Nf3 Nc6 3. d4 exd4 4. Bc4 Nf6 5. e5 Ne4 6. O-O Be7 7. Re1 d5 8.
exd6 Nxd6 9. Bd5 O-O 10. Bxc6 bxc6 11. Nxd4 Bd7 12. Qf3 Bf6 13. Nb3 Re8 14. Rd1
Bf5 15. Na3 Be4 16. Qh3 Qe7 17. c3 Nb5 18. Nxb5 cxb5 19. Be3 Rad8 20. Bc5 Rxd1+
21. Rxd1 Qe5 22. Re1 Rd8 23. Bd4 Qf4 24. Bxa7 h6 25. Be3 Qd6 26. Qg4 Bg6 27. h3
Qd5 28. Bd4 Bf5 29. Qf4 Bg5 30. Qxc7 Be4 31. Qg3 1-0

[Event "Club Championships A Grade"]
[Site "Wellington Chess Club"]
[Date "2020.10.22"]
[Round "4.2"]
[White "Russell, Athula"]
[Black "Dive, Russell"]
[Result "1-0"]
[WhiteElo "2250"]
[BlackElo "2414"]

1. Nf3 Nf6 2. d4 c5 3. e3 b6 4. Bd3 Bb7 5. O-O e6 6. b3 Be7 7. Bb2 O-O 8. Nbd2
cxd4 9. exd4 a5 10. a4 Nc6 11. c3 Ba6 12. Nc4 Qc7 13. Re1 d5 14. Na3 Bxd3 15.
Qxd3 Bxa3 16. Bxa3 Rfd8 17. Rac1 Rac8 18. Bb2 h6 19. Qe3 Qb7 20. c4 Ne4 21.
cxd5 exd5 22. Ne5 Nb4 23. Qe2 Rxc1 24. Rxc1 Rc8 25. Qg4 Rxc1+ 26. Bxc1 Nf6 27.
Qe2 Qc7 28. Qb2 Ne4 29. f3 Nd6 30. Bd2 Qc2 31. Qxc2 Nxc2 32. Bc3 Nf5 33. Nd7
Nfxd4 34. Bxd4 Nxd4 35. Nxb6 Nxb3 36. Nxd5 f6 37. Ne7+ Kf7 38. Nc6 Ke6 39. Kf2
Kd6 40. Na7 Kc5 41. Ke3 Kb4 42. Ke4 Nc5+ 43. Kf5 Kxa4 44. Nc6 Kb5 45. Nxa5 Kxa5
46. Kg6 Ne6 47. Kf7 Nf4 48. g3 Nd3 49. Kxg7 Ne5 50. Kxh6 Nxf3 51. h4 f5 52. h5
Kb5 53. Kg6 f4 54. gxf4 Nh4+ 55. Kf6 Ng2 56. f5 Ne3 57. h6 Ng4+ 58. Kg5 Ne5 59.
h7 Kc5 60. Kf6 1-0

[Event "Club Championships A Grade"]
[Site "Wellington Chess Club"]
[Date "2020.10.22"]
[Round "4.3"]
[White "Tanoi, Edward"]
[Black "Jackson, Ross"]
[Result "1/2-1/2"]
[WhiteElo "1947"]
[BlackElo "2030"]

1. d4 Nf6 2. c4 e6 3. Nc3 d5 4. e3 Bb4 5. Qa4+ {with the idea of forcing Black
to  play Nc6 and preventing Nd7 and c5.} 5... Nc6 6. Bd3 Bd7 7. Qc2 dxc4 8.
Bxc4 O-O 9. Ne2 e5 10. O-O exd4 11. exd4 a6 12. a3 Be7 13. Bf4 b5 14. Ba2 b4 $6
{allowing White  a good initiative in the centre.} 15. Nd5 Ra7 16. Nxe7+ Qxe7
$2 {but Black's position  is about to get much worse. His rook move didn't look
right and now I have a chance  to capitalise on it.}  (16... Nxe7 {was what I
expected and even though it loses  a pawn, it's not as bad as what follows.} )
17. d5 Nb8 18. Be3 Rb7 19. Bc5 Qe4 20. Qxe4 Nxe4 21. Bxf8 Kxf8 22. f3 Nd6 23.
Nd4 a5 24. Rac1 a4 25. Rc5 b3 26. Bb1 Na6 27. Ra5 Rb6 28. Bd3 Nb8 29. Ra8 Ke7
30. Ra7 Kd8 31. Rc1 Ne8 32. Ra8 {An exchange  up in material, White is winning
comfortably. Positionally, the advantage could  not be visibly greater. Look on
my works, ye mighty, and despair!} 32... Ke7 33. Ne2 Kd6 34. Nc3 Nf6 {and after
being on a mountain top, the only way from there is straight  down.} 35. Nxa4 (
35. Bc4 $1) 35... Bxa4 36. Rxa4 Nxd5 37. Rd4 $2 Nc6 38. Rg4 Ne5 39. Rd4 c5 40.
Rxd5+ Kxd5 {at which point Black offers a draw which I gratefully accept.
Extensive (and exhaustive!) post mortem appears to show Black winning but
subsequent  computer consultation reveals in fact Bf1! helps maintain an even
keel. QED.} 1/2-1/2

[Event "Club Championships A Grade"]
[Site "Wellington Chess Club"]
[Date "2020.10.22"]
[Round "4.4"]
[White "Sellen, Ian"]
[Black "Croad, Nicolas"]
[Result "0-1"]
[WhiteElo "2046"]
[BlackElo "2440"]

1. c4 e6 2. d4 Nf6 3. Nf3 b6 4. Nc3 Bb4 5. e3 Bb7 6. Be2 Ne4 7. Bd2 Bxc3 8.
Bxc3 Nxc3 9. bxc3 O-O 10. O-O d6 11. Nd2 c5 12. Bf3 Nc6 13. Qa4 Qc7 14. Rfd1
Ne7 15. Rac1 Ng6 16. Bxb7 Qxb7 17. Nf3 Rfd8 18. Qb3 Rac8 19. a4 Qc7 20. Qb5 Ne7
21. Nd2 Nc6 22. d5 Ne5 23. Qb1 Qe7 24. h3 exd5 25. cxd5 c4 26. Rc2 Rc5 27. Ne4
Ra5 28. Ra2 h6 29. Rd4 Qb7 30. Qd1 Qa6 31. Qh5 Rxa4 32. Rxa4 Qxa4 33. Nxd6 Rxd6
34. Qxe5 Qd7 35. Rxc4 Rxd5 36. Rc8+ Qxc8 37. Qxd5 a5 38. Qb3 Qc5 39. Kf1 b5 40.
Ke2 a4 41. Qb2 Qc4+ 42. Ke1 g6 43. f3 h5 44. e4 Qc5 45. Kd2 Qf2+ 46. Kc1 Qg1+
0-1

[Event "Club Championships A Grade"]
[Site "Wellington Chess Club"]
[Date "2020.10.22"]
[Round "4.5"]
[White "He, Paul"]
[Black "Wojnar, Jacek"]
[Result "1-0"]
[WhiteElo "1911"]
[BlackElo "2052"]

1. c4 e5 2. g3 h5 3. Nc3 h4 4. Bg2 hxg3 5. hxg3 Rxh1 6. Bxh1 Nf6 7. Nf3 Nc6 8.
d4 exd4 9. Nxd4 Bb4 10. Bg5 Bxc3+ 11. bxc3 Ne5 12. Nf5 Kf8 13. Qd4 d6 14. Ne3
Nc6 15. Qh4 1-0

[Event "Club Championships A Grade"]
[Site "Wellington Chess Club"]
[Date "2020.10.22"]
[Round "4.7"]
[White "Ross, Matt"]
[Black "Forster, Bill"]
[Result "0-1"]
[WhiteElo "1889"]
[BlackElo "2019"]

1. e4 d6 2. f4 g6 3. Bc4 Bg7 4. Nf3 Nf6 5. e5 dxe5 6. fxe5 Nd5 7. O-O Bf5 8. e6
fxe6 9. Qe2 Nc6 10. Nc3 Qd7 11. a4 O-O 12. Ne4 Bg4 13. c3 Bxf3 14. Rxf3 Rxf3
15. Qxf3 Ne5 16. Qe2 Nf4 17. Qe3 Nxc4 18. Qxf4 Rf8 19. Qh4 Qd3 20. h3 Rf1+ 21.
Kh2 Be5+ 22. Ng3 Nd6 23. Qg4 Nf5 24. h4 Bxg3+ 25. Kh3 Rh1# 0-1

[Event "Club Championships A Grade"]
[Site "Wellington Chess Club"]
[Date "2020.10.29"]
[Round "5.1"]
[White "Ker, Anthony"]
[Black "Russell, Athula"]
[Result "1/2-1/2"]
[WhiteElo "2437"]
[BlackElo "2250"]

1. e4 c6 2. d4 d5 3. exd5 cxd5 4. Bd3 Nc6 5. c3 Nf6 6. Bf4 Bg4 7. Qb3 Qd7 8. h3
Bh5 9. Nd2 e6 10. Ngf3 Bxf3 11. Nxf3 Bd6 12. Ne5 Qc7 13. O-O Nd7 14. Rae1 Bxe5
15. Bxe5 Ncxe5 16. dxe5 Nxe5 17. Bb5+ Nc6 18. Qxd5 O-O 19. Qe4 Rfd8 20. Rd1
Rxd1 21. Rxd1 Rd8 22. Rxd8+ Qxd8 23. g3 Qd5 24. Bd3 Qxe4 25. Bxe4 f5 26. Bg2
Kf7 27. Kf1 e5 28. Bd5+ Ke7 29. Ke2 Kd6 30. Bg8 h6 31. Ke3 e4 32. f3 exf3 33.
Kxf3 Ke5 34. h4 g6 35. b4 b6 36. a3 a5 37. Ke3 axb4 38. axb4 g5 39. hxg5 hxg5
40. Bb3 Ne7 41. Kd3 Nd5 42. Bxd5 Kxd5 43. c4+ Ke5 44. Ke3 f4+ 45. gxf4+ gxf4+
46. Kf3 Kd4 47. c5 bxc5 48. bxc5 Kxc5 49. Kxf4 1/2-1/2

[Event "Club Championships A Grade"]
[Site "Wellington Chess Club"]
[Date "2020.10.29"]
[Round "5.2"]
[White "Croad, Nicolas"]
[Black "He, Paul"]
[Result "1-0"]
[WhiteElo "2440"]
[BlackElo "1911"]

1. c4 Nf6 2. Nc3 c5 3. Nf3 Nc6 4. g3 g6 5. Bg2 Bg7 6. O-O d5 7. d4 dxc4 8. dxc5
Qa5 9. Nd4 Nxd4 10. Qxd4 O-O 11. Qxc4 Be6 12. Qb5 Qxb5 13. Nxb5 Bc4 14. Nc3
Rac8 15. Bxb7 Rxc5 16. Be3 Rc7 17. Bf3 Nd7 18. Rac1 Rfc8 19. a4 Ne5 20. Bg2 Ng4
21. Bf4 e5 22. Bd2 Rd8 23. Nb1 Rcc8 24. Bb7 Rb8 25. Rxc4 Rxb7 26. Rxg4 Rxb2 27.
Be3 Rc8 28. Nd2 f5 29. Rc4 Rxc4 30. Nxc4 Rb4 31. Rc1 Rxa4 32. Nd6 1-0

[Event "Club Championships A Grade"]
[Site "Wellington Chess Club"]
[Date "2020.10.29"]
[Round "5.3"]
[White "Cilia Vincenti, David"]
[Black "Tanoi, Edward"]
[Result "1-0"]
[WhiteElo "2264"]
[BlackElo "1947"]

1. d4 d5 2. c4 e6 3. Nc3 c5 4. cxd5 exd5 5. Nf3 Nc6 6. dxc5 Bxc5 7. Qxd5 Qb6 8.
e3 Nf6 9. Qb3 Qxb3 10. axb3 O-O 11. Bc4 Bf5 12. O-O Rad8 13. Bd2 a6 14. Rfc1
Rd6 15. Bf1 Bb4 16. Nb1 Bxb1 17. Bxb4 Nxb4 18. Raxb1 b5 19. Rd1 Rfd8 20. Rxd6
Rxd6 21. Rc1 g6 22. Nd4 Ne4 23. Be2 Ng5 24. g3 Ne6 25. Nxe6 Rxe6 26. Rd1 Rc6
27. Rd2 Rc1+ 28. Kg2 Nc2 29. g4 Kf8 30. h4 Ke7 31. Kg3 h6 32. Kf4 Nb4 33. Bf3
f6 34. h5 gxh5 35. gxh5 Rc5 36. Rd4 a5 37. Rd2 Nc2 38. Rd5 Rxd5 39. Bxd5 Nb4
40. Be4 Ke6 41. f3 Na6 42. Bf5+ Kd6 43. Bd3 Nc5 44. Bxb5 Nxb3 45. Kf5 Nd2 46.
Be2 Ke7 47. Kg6 Nb3 48. Kxh6 Nc5 49. Bc4 Nd7 50. f4 Nf8 51. Kg7 f5 52. h6 1-0

[Event "Club Championships A Grade"]
[Site "Wellington Chess Club"]
[Date "2020.10.29"]
[Round "5.4"]
[White "Jackson, Ross"]
[Black "Dive, Russell"]
[Result "0-1"]
[WhiteElo "2030"]
[BlackElo "2414"]

1. e4 e5 2. Nf3 d6 3. Bc4 Nf6 4. d3 Be7 5. h3 Be6 6. Bxe6 fxe6 7. Nc3 O-O 8. d4
exd4 9. Nxd4 Qd7 10. Be3 c5 11. Nf3 d5 12. exd5 exd5 13. Bg5 d4 14. Ne2 Ne4 15.
Bxe7 Qxe7 16. Qd3 Nc6 17. O-O Rae8 18. c3 Nd6 19. Ng3 c4 20. Qd2 d3 21. Rfe1
Qf6 22. b3 b5 23. b4 h6 24. Nh2 Ne5 25. a4 a6 26. axb5 axb5 27. Ra7 Qd8 28. Ra6
Ng6 29. Re3 Nf4 30. Nf3 Nd5 31. Re1 Rxe1+ 32. Nxe1 Qf6 33. Nf3 Nxc3 0-1

[Event "Club Championships A Grade"]
[Site "Wellington Chess Club"]
[Date "2020.10.29"]
[Round "5.6"]
[White "Rossiter, Philip"]
[Black "Sellen, Ian"]
[Result "1/2-1/2"]
[WhiteElo "1885"]
[BlackElo "2046"]

1. c4 c5 2. Nf3 Nc6 3. Nc3 Nf6 4. g3 e6 5. Bg2 Be7 6. O-O O-O 7. d3 d5 8. cxd5
exd5 9. Bd2 a6 10. a3 b5 11. e4 Bb7 12. Rc1 d4 13. Nd5 Nxd5 14. exd5 Qxd5 15.
Ng5 Qd7 16. Ne4 Ne5 17. Bf4 Ng6 18. Nxc5 Bxc5 19. Bxb7 Qxb7 20. Rxc5 Nxf4 21.
gxf4 Qb6 22. Rg5 Qf6 23. Qf3 h6 1/2-1/2